Shortest Country Name by Initial Letter - Statistics

General Stats
  • This quiz has been taken 764 times
  • The average score is 21 of 24
Answer Stats
Initial Letter COUNTRY % Correct
O Oman
97%
Q Qatar
97%
Y Yemen
96%
N Nauru/Nepal/Niger
95%
Z Zambia
94%
C Chad/Cuba
93%
F Fiji
92%
H Haiti
91%
M Mali
91%
P Peru
90%
R Russia/Rwanda
90%
V Vanuatu/Vietnam
90%
J Japan
89%
L Laos
89%
S Samoa/Spain/Sudan/Syria
89%
G Gabon/Ghana
87%
I Iran/Iraq
87%
T Togo
87%
U Uganda
86%
D Denmark
85%
B Benin/Burma
82%
K Kenya
78%
E Egypt
72%
A Angola
63%
No matching quizzes found
Score Distribution
Percent of People with Each Score
Percentile by Number Answered
Your Score History
You have not taken this quiz